[Event "RUS-chT Rapid Men 2018"]
[Site "Sochi"]
[Date "2018.10.09"]
[Round "9"]
[White "Basiev, Valeriy P."]
[Black "Bocharov, Ivan"]
[Result "0-1"]
[WhiteElo "1990"]
[BlackElo "2563"]
[Annotator "ChessBase"]
[PlyCount "94"]
[EventDate "2018.10.05"]
[EventType "swiss"]
[EventCountry "RUS"]
[SourceTitle "playchess.com"]
[Source "ChessBase"]
[SourceQuality "1"]
[TimeControl "900+10"]

1. e4 {[%emt 0:00:00]} e5 {[%emt 0:00:00]} 2. Nf3 Nc6 3. Bc4 {[%emt 0:00:00]} Bc5 {[%emt 0:00:00]} 4. c3 {[%emt 0:00:00]} Nf6 {[%emt 0:00:00]} 5. d3 {[%emt 0:00:00]} O-O {[%emt 0:00:01]} 6. O-O {[%emt 0:00:03]} d6 {[%emt 0:00:03]} 7. h3 {[%emt 0:00:20]} a5 {[%emt 0:00:09]} 8. a4 {[%emt 0:00:15]} Be6 {[%emt 0:00:03]} 9. Qb3 {[%emt 0:00:36]} Bxc4 {[%emt 0:00:24]} 10. Qxc4 {[%emt 0:00:01]} Bb6 {[%emt 0:00:07]} 11. Be3 {[%emt 0:01:00]} d5 {[%emt 0:00:12]} 12. exd5 {[%emt 0:00:11]} Nxd5 {[%emt 0:00:01]} 13. Bxb6 {[%emt 0:00:30]} Nxb6 {[%emt 0:00:01]} 14. Qe4 {[%emt 0:00:01]} f5 {[%emt 0:00:32]} 15. Qe2 {[%emt 0:00:02]} Qf6 {[%emt 0:02:55]} 16. Nbd2 {[%emt 0:02:31]} Rad8 {[%emt 0:00:30]} 17. Rfd1 {[%emt 0:00:24]} Rfe8 {[%emt 0:00:17]} 18. Nf1 {[%emt 0:01:10]} Nd5 {[%emt 0:00:11]} 19. g3 {[%emt 0:00:21]} Qg6 {[%emt 0:00:10]} 20. Kh2 {[%emt 0:00:41]} Qh5 {[%emt 0:00:08]} 21. Nd4 {[%emt 0:00:51]} Qg6 {[%emt 0:00:44]} 22. Nxc6 {[%emt 0:00:08]} Qxc6 {[%emt 0:00:02]} 23. Ne3 {[%emt 0:00:25]} Nxe3 {[%emt 0:00:06]} 24. Qxe3 {[%emt 0:00:34]} Rd5 {[%emt 0:00:02]} 25. Qf3 {[%emt 0:02:13]} Qd7 {[%emt 0:00:00]} 26. c4 {[%emt 0:01:15]} Rd6 {[%emt 0:00:04]} 27. Qxb7 {[%emt 0:00:22]} Rb6 {[%emt 0:00:42]} 28. Qa7 {[%emt 0:00:50]} Rxb2 {[%emt 0:00:16]} 29. Kg1 {[%emt 0:00:18]} f4 {[%emt 0:00:21]} 30. g4 {[%emt 0:00:40]} h5 {[%emt 0:00:13]} 31. Qxa5 {[%emt 0:01:32]} hxg4 32. Qc3 gxh3 {[%emt 0:01:38]} 33. Qxb2 {[%emt 0:00:36]} Qg4+ {[%emt 0:00:01]} 34. Kf1 {[%emt 0:00:01]} h2 {[%emt 0:00:01]} 35. Qb7 {[%emt 0:00:29]} e4 {[%emt 0:00:02]} 36. Qd5+ {[%emt 0:00:56]} Kh8 {[%emt 0:00:01]} 37. Ke1 {[%emt 0:00:42]} h1=Q+ {[%emt 0:00:02]} 38. Kd2 {[%emt 0:00:01]} e3+ {[%emt 0:00:01]} 39. fxe3 {[%emt 0:00:45]} fxe3+ {[%emt 0:00:02]} 40. Kc2 {[%emt 0:00:38]} Qxd5 {[%emt 0:00:03]} 41. cxd5 {[%emt 0:00:08]} Rb8 {[%emt 0:00:04]} 42. Rh1+ {[%emt 0:00:15]} Kg8 {[%emt 0:00:01]} 43. Rh2 {[%emt 0:00:05]} Qb4 {[%emt 0:00:21]} 44. Rah1 {[%emt 0:00:16]} Qxa4+ {[%emt 0:00:05]} 45. Kc1 {[%emt 0:00:12]} Qa1+ {[%emt 0:00:07]} 46. Kc2 {[%emt 0:00:08]} Rb2+ {[%emt 0:00:03]} 47. Kc3 {[%emt 0:00:03]} Rb1+ {[%emt 0:00:02]} 0-1

[Event "RUS-chT Rapid Men 2018"]
[Site "Sochi"]
[Date "2018.10.09"]
[Round "9"]
[White "Mkrtchyan, Artak"]
[Black "Chekhov, Sergei"]
[Result "0-1"]
[WhiteElo "1858"]
[BlackElo "2463"]
[Annotator "TA"]
[PlyCount "104"]
[EventDate "2018.10.05"]
[EventType "swiss"]
[EventCountry "RUS"]
[SourceTitle "playchess.com"]
[Source "ChessBase"]
[SourceQuality "1"]

{[%evp 24,104,-93,-112,-42,-32,-27,-70,-12,-91,-84,-70,-67,-70,-62,-87,-75,-49,0,-79,-60,-73,-33,-46,-56,-56,-60,-75,-25,-72,-77,-95,-75,-114,0,-28,-4,-52,-59,-135,-160,-585,-550,-522,-444,-787,-777,-734,-569,-648,-641,-632,-604,-653,-579,-515,-214,-518,-471,-535,-204,-233,-215,-228,-220,-213,-225,-403,-412,-408,-389,-334,-315,-476,-465,-529,-527,-29978,-29978,-29978,-29979,-29983,-29984]} 1. e4 c5 2. Nf3 e6 3. d3 Nc6 4. g3 d5 5. Nbd2 Nf6 6. Bg2 Be7 7. O-O b6 8. Re1 Bb7 9. e5 Nd7 10. Nf1 g5 11. h3 {C00: French: Unusual White 2nd moves} h5 12. g4 (12. N1h2 Rg8 13. g4 Qc7 14. gxh5 Ndxe5 15. Nxe5 Nxe5 16. Ng4 Nc6 17. c3 O-O-O 18. Qf3 Rdf8 {1-0 (31) Stukopin,A (2596)-Sadorra,J (2573) Arlington 2016}) 12... hxg4 13. hxg4 {[#] LiveBook: 4 Games. Black is better.} Rg8 $146 (13... Qc7 $1 $17 {[%cal Rc6e5]} 14. Bd2 Rc8) ({Predecessor:} 13... Qc7 14. Qe2 O-O-O 15. c3 d4 16. Bd2 dxc3 17. bxc3 Kb8 18. d4 cxd4 19. cxd4 {0-1 (30) Popchev,M (2476)-Stopa,J (2460) Olomouc 2005}) 14. c3 $15 Qc7 {[%cal Rd7e5]} 15. Qe2 Ba6 (15... O-O-O $15) 16. Ng3 (16. Rb1 $11) 16... O-O-O $17 17. a3 c4 18. d4 Bb7 19. a4 Na5 20. Nd2 Nf8 21. Nf3 (21. Qd1 $11 {keeps the balance.}) 21... Nb3 22. Ra2 Bc6 23. Nd2 Na5 24. Nf3 Qd7 25. Be3 Nb3 26. a5 Nxa5 27. Rea1 Qc7 28. Qc2 Rg6 (28... Ng6 $17 29. Nh5 {[#]} Nf4 $1 {[%mdl 512]}) 29. Nd2 $11 Bb7 30. b4 Nc6 31. Nxc4 ({White should try} 31. Nf3 $15) 31... dxc4 $17 32. Bxc6 $2 (32. Rxa7 $17 {is tougher.} b5 33. R1a5 Nxa7 34. Rxa7) 32... Qxc6 $19 {[%csl Gb7][%cal Rc6g2]} ({Weaker is} 32... Bxc6 33. Rxa7 Bb7 34. Ne4 $17) 33. Kf1 a6 {[%cal Ba7a6,Ba6b5][%mdl 32]} 34. b5 (34. Rxa6 $142 Bxa6 35. Rxa6) 34... axb5 35. Ra7 Rd5 36. Ne4 Nd7 37. f3 Rh6 38. Kg2 b4 39. cxb4 Bxb4 (39... b5 $142 40. Rd1 Qb6 41. Rxb7 Qxb7 42. Bxg5 Bxg5 43. Nxg5 Nf8) 40. Bxg5 $2 (40. R7a4 {was the crucial defense.}) 40... Rh8 41. R1a4 Kb8 $2 (41... f5 42. Rxb4 fxe4 43. Rxc4 exf3+ 44. Kg3 Nc5 45. Rxb7 Kxb7 46. dxc5 f2) 42. Rxb7+ Kxb7 43. Rxb4 Rxd4 44. Be3 {[#]} Rxe4 $1 45. Qxe4 $2 (45. fxe4 Rc8 46. Bf2) 45... Qxe4 46. fxe4 {[%mdl 4096] Endgame KRB-KRN} Rc8 47. Kf2 Ka6 48. Ra4+ (48. Ke2 $142) 48... Kb5 49. Ra7 Nxe5 50. Rb7 Nxg4+ {Black mates.} 51. Ke2 Nxe3 52. Kxe3 c3 {Precision: White = 21%, Black = 51%.} 0-1

[Event "RUS-chT Rapid Men 2018"]
[Site "Sochi"]
[Date "2018.10.09"]
[Round "9"]
[White "Zelenskaya, Anastasiya"]
[Black "Kostin, Alexey"]
[Result "0-1"]
[WhiteElo "1703"]
[BlackElo "2253"]
[Annotator "NA"]
[PlyCount "126"]
[EventDate "2018.10.05"]
[EventType "swiss"]
[EventCountry "RUS"]
[SourceTitle "playchess.com"]
[Source "ChessBase"]
[SourceQuality "1"]
[TimeControl "900+10"]

1. e4 {[%emt 0:00:00]} c5 {[%emt 0:00:00]} 2. Nf3 {[%emt 0:00:00]} e6 {[%emt 0:00:00]} 3. d4 {[%emt 0:00:00]} cxd4 {[%emt 0:00:00]} 4. Nxd4 {[%emt 0:00:00]} a6 {[%emt 0:00:00]} 5. Bd3 {[%emt 0:00:00]} Bc5 {[%emt 0:00:01]} 6. Be3 {[%emt 0:00:10]} Qb6 {[%emt 0:00:07]} 7. c3 {[%emt 0:01:41]} Nc6 {[%emt 0:00:09]} 8. Qb3 {[%emt 0:01:51]} Qxb3 {[%emt 0:00:29]} 9. axb3 {[%emt 0:00:17]} Nxd4 {[%emt 0:00:13]} 10. Bxd4 {[%emt 0:00:10]} Bxd4 {[%emt 0:00:04]} 11. cxd4 {[%emt 0:00:02]} d6 {[%emt 0:00:11]} 12. Na3 {[%emt 0:01:10]} Ke7 {[%emt 0:00:22]} 13. Nc4 {[%emt 0:00:31]} Nf6 {[%emt 0:00:06]} 14. Nb6 {[%emt 0:00:54]} Rb8 {[%emt 0:00:02]} 15. Rc1 {[%emt 0:00:18]} Bd7 {[%emt 0:00:35]} 16. Rc7 {[%emt 0:01:15]} Rhd8 {[%emt 0:00:06]} 17. Kd2 {[%emt 0:01:03]} Ne8 {[%emt 0:00:05]} 18. Rc3 {[%emt 0:01:32]} Bc6 {[%emt 0:00:22]} 19. d5 {[%emt 0:00:23]} Bd7 {[%emt 0:00:06]} 20. Rhc1 {[%emt 0:00:25]} e5 {[%emt 0:00:05]} 21. b4 {[%emt 0:01:02]} g6 {[%emt 0:00:18]} 22. f3 {[%emt 0:00:37]} f5 {[%emt 0:00:05]} 23. Nxd7 {[%emt 0:00:39]} Rxd7 {[%emt 0:00:02]} 24. exf5 {[%emt 0:00:03]} g5 {[%emt 0:00:05]} 25. g4 {[%emt 0:00:15]} Nf6 {[%emt 0:00:10]} 26. Be4 {[%emt 0:00:04]} h5 {[%emt 0:00:12]} 27. h3 {[%emt 0:00:29]} Rh8 {[%emt 0:00:04]} 28. Rc8 {[%emt 0:00:10]} Rh7 {[%emt 0:00:24]} 29. Ke3 {[%emt 0:00:47]} hxg4 {[%emt 0:00:10]} 30. hxg4 {[%emt 0:00:01]} Rh3 {[%emt 0:00:06]} 31. Rg1 {[%emt 0:00:35]} Rh2 {[%emt 0:00:14]} 32. b3 {[%emt 0:00:35]} Ne8 {[%emt 0:01:01]} 33. Rc3 {[%emt 0:00:31]} Nc7 {[%emt 0:00:10]} 34. Rgc1 {[%emt 0:00:56]} Nb5 {[%emt 0:00:08]} 35. Rd3 {[%emt 0:00:04]} Nd4 {[%emt 0:00:15]} 36. Rxd4 {[%emt 0:00:31]} exd4+ {[%emt 0:00:02]} 37. Kxd4 {[%emt 0:00:02]} Rb2 {[%emt 0:00:35]} 38. Kc3 {[%emt 0:00:40]} Rh2 {[%emt 0:00:21]} 39. Kd4 {[%emt 0:00:02]} Kd8 {[%emt 0:00:01]} 40. f4 {[%emt 0:00:47]} Rh4 {[%emt 0:01:46]} 41. Rg1 {[%emt 0:00:20]} Rg7 {[%emt 0:00:59]} 42. fxg5 {[%emt 0:00:44]} Rxg5 {[%emt 0:00:03]} 43. Bf3 {[%emt 0:00:06]} Rxf5 {[%emt 0:00:06]} 44. Ke4 {[%emt 0:00:04]} Rf7 {[%emt 0:00:29]} 45. Ke3 {[%emt 0:00:15]} Rh3 {[%emt 0:00:08]} 46. Rf1 {[%emt 0:00:04]} Rg3 {[%emt 0:00:15]} 47. Ke2 {[%emt 0:00:14]} Rf4 {[%emt 0:00:07]} 48. Rf2 {[%emt 0:00:23]} Rxb4 {[%emt 0:00:08]} 49. Rh2 {[%emt 0:00:15]} Rxb3 {[%emt 0:00:06]} 50. Rh8+ {[%emt 0:00:03]} Kc7 {[%emt 0:00:01]} 51. Rh7+ {[%emt 0:00:02]} Kb6 {[%emt 0:00:01]} 52. Rf7 {[%emt 0:00:02]} a5 {[%emt 0:00:16]} 53. Kf2 {[%emt 0:00:13]} Rbxf3+ {[%emt 0:00:03]} 54. Rxf3 {[%emt 0:00:02]} Rxg4 {[%emt 0:00:01]} 55. Rd3 {[%emt 0:00:15]} a4 {[%emt 0:00:04]} 56. Ke2 {[%emt 0:00:03]} Kc5 {[%emt 0:00:03]} 57. Rd1 {[%emt 0:00:09]} b5 {[%emt 0:00:03]} 58. Ke3 {[%emt 0:00:03]} a3 {[%emt 0:00:06]} 59. Ra1 {[%emt 0:00:10]} b4 {[%emt 0:00:02]} 60. Rd1 {[%emt 0:00:07]} a2 {[%emt 0:00:04]} 61. Kd2 {[%emt 0:00:23]} Rd4+ {[%emt 0:00:03]} 62. Kc2 {[%emt 0:00:02]} Rxd1 {[%emt 0:00:02]} 63. Kb3 {[%emt 0:00:04]} a1=Q 0-1